| 000 | 01133 a2200217 4500 | ||
|---|---|---|---|
| 001 | 63015 | ||
| 005 | 20260407155924.0 | ||
| 008 | 260407a2002 arg spa d | ||
| 003 | AR-UNSa-BCEJYS | ||
| 040 |
_aAR-UNSa-BCEJYS _bspa _cAR-UNSa-BCEJYS |
||
| 080 |
_a343.8 _xCondena. Ejecución de la sentencia. Cumplimiento de la pena. Prevención del delito (Instituciones penitenciarias) |
||
| 245 | 1 | 0 |
_aLas cárceles argentinas de antaño _p(Siglos XVIII y XIX). Teoría y realidad |
| 020 | _a978-950-894-339-2 | ||
| 264 | 1 |
_aBuenos Aires : _bAD-HOC _c2002 |
|
| 300 |
_a479 p. _c23 cm. |
||
| 505 | _a1. La cárcel tradicional - 2. El moderno sistema penitenciario – 3. Marco jurídico – 4. Estructura edilicia – 5. Ingreso en la cárcel – 6. Quienes mandaban y como trataban a los presos – 7. Sociabilidad carcelaria – 8. Alimentación, vestuario, salud – 9. Del ocio al trabajo – 10. Religión y escuela – 11. Régimen económico – 12. El control: la visita de cárcel – 13. Salida de la cárcel - | ||
| 041 | _aspa | ||
| 942 | _cBK | ||
| 590 | _aniveau_biblio:m niveau_hierar:0 | ||
| 100 | 1 | _aLevaggi, Abelardo | |
| 999 |
_c7917 _d7917 |
||